Mahatma Betrayed/ (Record no. 197430)

MARC details
000 -LEADER
fixed length control field 00544nam a22001937a 4500
005 - DATE AND TIME OF LATEST TRANSACTION
control field 20230912112539.0
010 ## - LCCN (DPL NO)
LC control number ENG-137866
020 ## - INTERNATIONAL STANDARD BOOK NUMBER
International Standard Book Number 8121401917
Terms of availability 400.00
035 ## - SYSTEM CONTROL NUMBER
System control number EN-121398
037 ## - SOURCE OF ACQUISITION
Stock number DBAD/PUB
082 ## - DEWEY DECIMAL CLASSIFICATION NUMBER
Classification number 923.254
100 ## - MAIN ENTRY--PERSONAL NAME
Personal name Kumar, Pramod
245 ## - TITLE STATEMENT
Title Mahatma Betrayed/
Statement of responsibility, etc By Pramod Kumar
250 ## - EDITION STATEMENT
Edition statement .
260 ## - PUBLICATION, DISTRIBUTION, ETC. (IMPRINT)
Place of publication, distribution, etc New Delhi
Name of publisher, distributor, etc National Publishing House
Date of publication, distribution, etc 2011
270 ## - ADDRESS
Address 2/35, Ansari Road, Darya Ganj
City New Delhi
Postal code 110002
300 ## - PHYSICAL DESCRIPTION
Extent 373p.
Other physical details 22cm(Hb)
942 ## - ADDED ENTRY ELEMENTS (KOHA)
Source of classification or shelving scheme Dewey Decimal Classification
Item type English Books
Classification part 923.254
Call number suffix KUM
Holdings
Withdrawn status Lost status Not for loan Collection code Home library Current library Date acquired Source of acquisition Cost, normal purchase price Full call number Barcode Copy number Cost, replacement price Koha item type
      Non-fiction Bawana Bawana 23/08/2023 DBAD/PUB 400.00 923.254 KUM EN-121398 1 400.00 English Books

© Delhi Public Library
Hit Counter
free hit counter